000 00367nam a2200133Ia 4500
008 151001s9999||||xx |||||||||||||| ||und||
100 _aअंकुश गोळवणकर
245 _aआजोळची वाट
250 _a1
260 _bविभासा पुस्तक महाल
260 _c2007
300 _a144
365 _b18
999 _c990027
_d990024